000 00415nam a22001217a 4500
008 180427b xxu||||| |||| 00| 0 eng d
041 _aeng
080 _a043.3
100 _a0
101 _aSHKI-MTH
245 _aKrahasimi i ndërtimit të ANDROID aplikacioneve në platformën native dhe xamarin. Rast i studimit-Kontrollimi i vijushmërisë në punë me anë të aplikacionit Mobil
_cRexhepi,K
942 _2udc
_cBK
999 _c45654
_d45654